[Event "Julius Baer Rapid Div 1 W"]
[Site "chess.com INT"]
[Date "2023.08.31"]
[Round "2.3"]
[White "So, Wesley"]
[Black "Firouzja, Alireza"]
[Result "1/2-1/2"]
[WhiteTitle "GM"]
[BlackTitle "GM"]
[WhiteElo "2769"]
[BlackElo "2777"]
[WhiteFideId "5202213"]
[BlackFideId "12573981"]
[EventDate "2023.08.30"]
[EventType "k.o."]

1. Nf3 Nf6 2. c4 g6 3. Nc3 Bg7 4. e4 d6 5. d4 O-O 6. Be2 e5 7. Be3 Na6 8. d5 Ng4
9. Bg5 f6 10. Bh4 h5 11. Nd2 Nh6 12. f3 g5 13. Bf2 f5 14. exf5 Nxf5 15. Nde4 b6
16. O-O Nd4 17. Be3 g4 18. fxg4 Rxf1+ 19. Qxf1 Bxg4 20. Bxg4 hxg4 21. Qf2 Qf8
22. Rf1 Qxf2+ 23. Nxf2 g3 24. Nfe4 gxh2+ 25. Kxh2 Nb4 26. g4 Nd3 27. b3 a6 28.
Rd1 Nf4 29. Kg3 Rf8 30. Rd2 b5 31. cxb5 axb5 32. b4 Ra8 33. Bxf4 exf4+ 34. Kxf4
Rf8+ 35. Kg3 Rf3+ 36. Kg2 Re3 37. Kf2 Rf3+ 38. Kg2 Re3 39. Kf2 Rf3+ 40. Kg2 1/2-1/2

[Event "Julius Baer Rapid Div 1 W"]
[Site "chess.com INT"]
[Date "2023.08.31"]
[Round "2.4"]
[White "Caruana, Fabiano"]
[Black "Carlsen, Magnus"]
[Result "1/2-1/2"]
[WhiteTitle "GM"]
[BlackTitle "GM"]
[WhiteElo "2782"]
[BlackElo "2835"]
[WhiteFideId "2020009"]
[BlackFideId "1503014"]
[EventDate "2023.08.30"]
[EventType "k.o."]

1. c4 e5 2. Nc3 Bb4 3. Nd5 Bc5 4. e3 Nf6 5. b4 Nxd5 6. bxc5 Nf6 7. Nf3 e4 8. Nd4
O-O 9. a4 b6 10. Ba3 bxc5 11. Bxc5 d6 12. Ba3 c5 13. Nb5 Bg4 14. f3 exf3 15.
gxf3 Ne4 16. h4 Bh5 17. Be2 Ng3 18. Rh3 Nxe2 19. Qxe2 Nc6 20. Kf2 Rb8 21. Rg1 a6
22. Nc3 Rb3 23. Bc1 h6 24. Nd5 Ne5 25. Nf4 Bg6 26. e4 Bh7 27. d3 Kh8 28. Kg2 Qc8
29. Kh2 f5 30. Qg2 Rb7 31. Rg3 fxe4 32. dxe4 Qd8 33. Ne6 Qxh4+ 34. Rh3 Nxf3+ 35.
Qxf3 Rxf3 36. Rxh4 Re7 37. Rxh6 Rf2+ 38. Kg3 Rc2 39. Bg5 Re8 40. Rh4 Rc3+ 41.
Kf2 Rxe6 42. Rgh1 Kg8 43. Rxh7 Rxe4 44. Rh8+ Kf7 45. Rd1 Rexc4 46. Rxd6 Rxa4 47.
Rb8 Rb4 48. Ra8 Rc2+ 49. Kf3 Rc3+ 50. Be3 Rb7 51. Kf2 Rc2+ 52. Bd2 c4 53. Kf3
Rb3+ 54. Be3 Rb7 55. Raxa6 Rc3 56. Kf4 Rd3 57. Rdc6 c3 58. Ra4 Rbd7 59. Ke4 R3d6
60. Rxc3 Re6+ 61. Kf3 Rf6+ 62. Kg4 Rg6+ 63. Kf3 Rf6+ 64. Ke2 Re6 65. Rf4+ Rf6
66. Rh4 Re6 67. Ra4 Kg6 68. Rg4+ Kf7 69. Rc1 Kg8 70. Rcg1 Rde7 71. R1g3 Rd7 72.
Kf2 Rf6+ 73. Kg2 Rfd6 74. Bf4 Rd3 75. Be3 Re7 76. Kf2 Ra3 77. Rd4 Rf7+ 78. Ke2
Re7 79. Rd8+ Kh7 80. Rh3+ Kg6 81. Rd6+ Kf7 82. Kf2 Ra2+ 83. Bd2 Kg8 84. Rd8+ Kf7
85. Rf3+ Kg6 86. Kg3 Ra6 87. Bc3 Kh7 88. Bd4 Rae6 89. Rf5 Re8 90. Rdd5 R8e7 91.
Bc5 Rb7 92. Bd4 Rh6 93. Ra5 Rd7 94. Rf4 Rg6+ 95. Kf3 Re6 96. Raf5 Rh6 97. Rb5
Rhd6 98. Be5 Ra6 99. Rc4 Re6 100. Ke4 Kg6 101. Rc1 Ra6 102. Rb4 Re7 103. Kf4
Rf7+ 104. Ke4 Re7 105. Kd4 Rd7+ 106. Kc5 Re6 107. Rg1+ Kh7 108. Bd4 Red6 109.
Rg4 Rg6 110. Re4 1/2-1/2

[Event "Julius Baer Rapid Div 1 W"]
[Site "chess.com INT"]
[Date "2023.08.31"]
[Round "2.4"]
[White "Firouzja, Alireza"]
[Black "So, Wesley"]
[Result "1-0"]
[WhiteTitle "GM"]
[BlackTitle "GM"]
[WhiteElo "2777"]
[BlackElo "2769"]
[WhiteFideId "12573981"]
[BlackFideId "5202213"]
[EventDate "2023.08.30"]
[EventType "k.o."]

1. e4 e5 2. Nf3 Nc6 3. Bb5 a6 4. Ba4 Nf6 5. O-O Be7 6. d3 b5 7. Bb3 d6 8. c3 O-O
9. h3 Re8 10. Re1 h6 11. a4 Rb8 12. axb5 axb5 13. d4 Bf8 14. d5 Ne7 15. Be3 Nxe4
16. Ba7 Ra8 17. Rxe4 Bf5 18. Nbd2 Bxe4 19. Nxe4 Qc8 20. g4 Qb7 21. Be3 Rxa1 22.
Qxa1 Nxd5 23. Bxh6 Nf6 24. Nxf6+ gxf6 25. Qb1 e4 26. Bxf8 Kxf8 27. Nd4 d5 28.
Nf5 Re5 29. Qc1 Ke8 30. Qh6 Qa6 31. Qh7 e3 32. Qg8+ Kd7 33. Qxf7+ Kc8 34. Nxe3
Rxe3 35. Qg8+ Kb7 36. Qxd5+ c6 37. Qd7+ Kb8 38. fxe3 Qa1+ 39. Bd1 1-0

[Event "Julius Baer Rapid Div 1 W"]
[Site "chess.com INT"]
[Date "2023.09.01"]
[Round "3.1"]
[White "Carlsen, Magnus"]
[Black "Firouzja, Alireza"]
[Result "1-0"]
[WhiteTitle "GM"]
[BlackTitle "GM"]
[WhiteElo "2835"]
[BlackElo "2777"]
[WhiteFideId "1503014"]
[BlackFideId "12573981"]
[EventDate "2023.08.30"]
[EventType "k.o."]

1. e4 c5 2. Nf3 d6 3. d4 cxd4 4. Nxd4 Nf6 5. Nc3 a6 6. Rg1 h5 7. Bg5 Nbd7 8. Bc4
g6 9. Qd2 Bg7 10. O-O-O Qc7 11. Bb3 b5 12. Rge1 O-O 13. f4 Nc5 14. Bxf6 exf6 15.
f5 Kh7 16. Kb1 Bb7 17. Nd5 Nxb3 18. axb3 Bxd5 19. fxg6+ fxg6 20. exd5 Rfe8 21.
Ne6 Qf7 22. g4 hxg4 23. Re4 Bh6 24. Qf2 f5 25. Rxg4 Qa7 26. Rgd4 a5 27. Qh4 Qe7
28. Qh3 Qf6 29. Rh4 g5 30. Rh5 g4 31. Qd3 Kg6 32. Rf1 Kxh5 33. Rxf5+ Qxf5 34.
Qxf5+ Kh4 35. Qf2+ Kh5 36. h3 Rg8 37. hxg4+ Rxg4 38. Qh2+ Rh4 39. Qxd6 a4 40.
Qe5+ Kg6 41. Qg3+ Kh5 42. Qf3+ Kg6 43. d6 Ra7 44. Qd3+ Kf6 45. d7 Rh1+ 46. Ka2 1-0

[Event "Julius Baer Rapid Div 1 W"]
[Site "chess.com INT"]
[Date "2023.09.01"]
[Round "3.2"]
[White "Firouzja, Alireza"]
[Black "Carlsen, Magnus"]
[Result "0-1"]
[WhiteTitle "GM"]
[BlackTitle "GM"]
[WhiteElo "2777"]
[BlackElo "2835"]
[WhiteFideId "12573981"]
[BlackFideId "1503014"]
[EventDate "2023.08.30"]
[EventType "k.o."]

1. e4 c5 2. Nf3 e6 3. d4 cxd4 4. Nxd4 Nc6 5. Nc3 Qc7 6. Be3 a6 7. Qf3 Nf6 8.
O-O-O Ne5 9. Qg3 h5 10. Ndb5 axb5 11. Nxb5 Qb8 12. Bb6 Nxe4 13. Qe3 Rxa2 14. Kb1
Ra4 15. Nc7+ Ke7 16. Rd4 Rxd4 17. Qxd4 f6 18. Qxe4 d5 19. Qe1 Kf7 20. f4 Bd6 21.
Nb5 Nc6 22. g3 Bd7 23. Qd2 h4 24. Bg2 hxg3 25. hxg3 Rxh1+ 26. Bxh1 Bb4 27. Qh2
Ne7 28. Nd4 Qd6 29. Qh5+ Kf8 30. Bd8 Bc5 31. Qh8+ Ng8 32. Nb3 Bb6 33. Bxb6 Qxb6
34. f5 Qg1+ 35. Ka2 Qxg3 36. Nc5 Qd6 37. fxe6 Bxe6 38. Nd3 Bf5 39. Qh5 Ne7 40.
Qh8+ Kf7 41. Qh5+ Bg6 42. Qe2 Qa6+ 43. Kb1 Bxd3 44. cxd3 Qe6 45. Qh5+ g6 46.
Qh7+ Ke8 47. Bf3 Kd7 48. Bd1 Qe1 49. Kc1 Qe3+ 50. Kc2 g5 51. Qh8 f5 52. Qb8 b6
53. Kc3 Qc5+ 54. Kd2 Qb4+ 55. Kc2 g4 56. Kb1 Qd4 57. Ka2 Nc6 58. Qb7+ Kd6 59.
Qh7 Nb4+ 60. Ka3 Nxd3 61. Qh6+ Ke5 62. Qh2+ Ke4 63. Qg2+ Kf4 64. Qd2+ Qe3 65.
Qh2+ 0-1

[Event "Julius Baer Rapid Div 1 W"]
[Site "chess.com INT"]
[Date "2023.09.01"]
[Round "3.3"]
[White "Carlsen, Magnus"]
[Black "Firouzja, Alireza"]
[Result "1-0"]
[WhiteTitle "GM"]
[BlackTitle "GM"]
[WhiteElo "2835"]
[BlackElo "2777"]
[WhiteFideId "1503014"]
[BlackFideId "12573981"]
[EventDate "2023.08.30"]
[EventType "k.o."]

1. e4 e6 2. d4 d5 3. Nc3 Nf6 4. e5 Nfd7 5. f4 c5 6. Nf3 Nc6 7. Be3 a6 8. Qd2 Be7
9. Bd3 c4 10. Be2 b5 11. f5 Nb6 12. fxe6 fxe6 13. O-O O-O 14. Ng5 Qe8 15. Bg4 b4
16. Ne2 Rxf1+ 17. Rxf1 c3 18. bxc3 Qg6 19. h4 Nc4 20. Qc1 bxc3 21. Nf4 Qh6 22.
Ngxe6 Qxh4 23. Nxd5 Bd7 24. Bf5 Ba3 25. Qe1 Qxe1 26. Rxe1 Rb8 27. Nxg7 Kxg7 28.
Bxd7 Nxe3 29. Nxe3 Nxd4 30. Nf5+ Nxf5 31. Bxf5 Rb2 32. Rd1 Rxa2 33. Kf2 a5 34.
Rd7+ Kh6 35. Kf3 Kg5 36. g4 Bf8 37. Rxh7 Bh6 38. e6 1-0

[Event "Julius Baer Rapid Div 1 W"]
[Site "chess.com INT"]
[Date "2023.09.03"]
[Round "4.1"]
[White "Carlsen, Magnus"]
[Black "Firouzja, Alireza"]
[Result "1/2-1/2"]
[WhiteTitle "GM"]
[BlackTitle "GM"]
[WhiteElo "2835"]
[BlackElo "2777"]
[WhiteFideId "1503014"]
[BlackFideId "12573981"]
[EventDate "2023.08.30"]
[EventType "k.o."]

1. e4 e5 2. Nf3 Nc6 3. Bb5 a6 4. Ba4 Nf6 5. O-O Be7 6. d3 d6 7. c3 O-O 8. Re1
Re8 9. h3 b5 10. Bc2 Bb7 11. Be3 d5 12. Nbd2 h6 13. Nb3 a5 14. a4 b4 15. Nh2
bxc3 16. bxc3 d4 17. cxd4 exd4 18. Bd2 Nd7 19. Nf3 Nf8 20. Rc1 Ne6 21. Bb1 Ba3
22. Rc4 Qd6 23. Ba2 Ba6 24. e5 Qd7 25. Rxc6 Qxc6 26. Nxa5 Qd7 27. Qc2 Reb8 28.
Qc6 Qxc6 29. Nxc6 Rb6 30. Bxe6 fxe6 31. Nfxd4 Bc5 32. Rc1 Bxd4 33. Nxd4 Bxd3 34.
a5 Rba6 35. f3 Rb8 36. Rxc7 Rb2 37. Bc3 Ra2 38. Nb3 Bb5 39. Nc5 Rc6 40. Rxc6
Bxc6 41. Nxe6 Ra3 42. Be1 Ra1 43. Kf2 Ra2+ 44. Kg3 Ra1 45. Nd4 Rxe1 46. Nxc6 Rc1
47. Nd4 Ra1 48. f4 Rxa5 49. Kg4 Kf7 50. Kf5 Ra2 51. g4 g6+ 52. Ke4 Rh2 53. f5
gxf5+ 54. Nxf5 Rxh3 55. Nd6+ Ke6 56. Nf5 Rh1 57. Nd4+ Kf7 58. Kf4 Rf1+ 59. Nf3
Ke6 60. Ke4 Rxf3 61. Kxf3 Kxe5 62. Kg3 Kf6 63. Kh3 Kg5 64. Kg3 h5 65. gxh5 Kxh5 1/2-1/2

[Event "Julius Baer Rapid Div 1 W"]
[Site "chess.com INT"]
[Date "2023.09.03"]
[Round "4.2"]
[White "Firouzja, Alireza"]
[Black "Carlsen, Magnus"]
[Result "1/2-1/2"]
[WhiteTitle "GM"]
[BlackTitle "GM"]
[WhiteElo "2777"]
[BlackElo "2835"]
[WhiteFideId "12573981"]
[BlackFideId "1503014"]
[EventDate "2023.08.30"]
[EventType "k.o."]

1. e4 c5 2. Nf3 e6 3. d4 cxd4 4. Nxd4 Nf6 5. Nc3 Nc6 6. Nxc6 bxc6 7. e5 Nd5 8.
Ne4 Bb7 9. Be2 c5 10. O-O Qc7 11. Nd6+ Bxd6 12. exd6 Qc6 13. f3 e5 14. c4 Nf4
15. Bxf4 exf4 16. Bd3 Qxd6 17. Re1+ Kd8 18. Bf5 Qxd1 19. Raxd1 Bc6 20. Re5 a5
21. Rxc5 Ke7 22. Be4 Rhc8 23. Re5+ Kf8 24. Bxc6 dxc6 25. Rd7 Rd8 26. Rxa5 Rxa5
27. Rxd8+ Ke7 28. Rg8 Rxa2 29. Rxg7 Rxb2 30. Rg4 Rb1+ 31. Kf2 Rb2+ 32. Kf1 Rb1+
33. Ke2 Rb2+ 34. Kf1 Rb1+ 35. Ke2 Rb2+ 36. Kf1 1/2-1/2

[Event "Julius Baer Rapid Div 1 W"]
[Site "chess.com INT"]
[Date "2023.09.03"]
[Round "4.3"]
[White "Carlsen, Magnus"]
[Black "Firouzja, Alireza"]
[Result "1-0"]
[WhiteTitle "GM"]
[BlackTitle "GM"]
[WhiteElo "2835"]
[BlackElo "2777"]
[WhiteFideId "1503014"]
[BlackFideId "12573981"]
[EventDate "2023.08.30"]
[EventType "k.o."]

1. e4 e5 2. Nf3 Nc6 3. Bb5 a6 4. Ba4 Nf6 5. O-O Be7 6. Nc3 b5 7. Bb3 O-O 8. d3
Na5 9. Nxe5 Nxb3 10. axb3 b4 11. Ne2 Re8 12. Nf3 c5 13. Nf4 d6 14. c4 Bf8 15. h3
a5 16. Re1 g6 17. Nd5 Nxd5 18. cxd5 Bg7 19. Bg5 f6 20. Bf4 g5 21. Be3 g4 22.
hxg4 Bxg4 23. Qc2 Bxf3 24. gxf3 f5 25. Kf1 Qf6 26. Rab1 fxe4 27. fxe4 Qf3 28.
Qd1 Qxd1 29. Rexd1 a4 30. bxa4 Rxa4 31. Bf4 Rd8 32. b3 Ra6 33. Ke2 Rf8 34. Be3
Be5 35. Rd2 Rf7 36. Rc2 Kf8 37. d4 cxd4 38. Bd2 h5 39. Rc8+ Kg7 40. Rc2 Raa7 41.
Rg1+ Kh7 42. Rg5 d3+ 43. Kxd3 Rxf2 44. Rxh5+ Kg6 45. Rg5+ Kh7 46. Rf5 Rh2 47.
Be3 Rh3 48. Rh5+ Rxh5 49. Bxa7 Rh3+ 50. Kc4 Rh4 51. Re2 Kg6 52. Kxb4 Kg5 53. Kb5
Kf4 54. b4 Rh3 55. Bb6 Rb3 56. Bc7 Kf3 57. Rc2 Kxe4 58. Kc6 Rxb4 59. Bxd6 Bxd6
60. Kxd6 Rb6+ 61. Kc7 1-0

[Event "Julius Baer Rapid Div 1 W"]
[Site "chess.com INT"]
[Date "2023.09.03"]
[Round "4.4"]
[White "Firouzja, Alireza"]
[Black "Carlsen, Magnus"]
[Result "1-0"]
[WhiteTitle "GM"]
[BlackTitle "GM"]
[WhiteElo "2777"]
[BlackElo "2835"]
[WhiteFideId "12573981"]
[BlackFideId "1503014"]
[EventDate "2023.08.30"]
[EventType "k.o."]

1. e4 c5 2. Nf3 e6 3. b3 d5 4. Bb5+ Bd7 5. Bxd7+ Nxd7 6. exd5 exd5 7. O-O Ngf6
8. Re1+ Be7 9. Qe2 Rc8 10. Ba3 a6 11. c4 Nf8 12. Ne5 Ng6 13. Nc3 d4 14. Na4 Kf8
15. Qf3 Bd6 16. Nd3 b6 17. b4 cxb4 18. Nxb4 Bxb4 19. Bxb4+ Kg8 20. Qb7 Rb8 21.
Qxa6 h5 22. Nb2 h4 23. h3 Nf4 24. Qb5 Rh5 25. Re5 Qc7 26. Rxh5 N6xh5 27. Re1 Qb7
28. Qg5 Qc6 29. d3 Re8 30. Rxe8+ Qxe8 31. Bd2 Qe2 32. Bxf4 Nxf4 33. Qd8+ Kh7 34.
Qxh4+ Kg8 35. Qxf4 Qxb2 36. Kh2 g6 37. Qb8+ Kh7 38. c5 b5 39. c6 Qxf2 40. Qd6
Qc2 41. c7 Qc1 42. a3 g5 43. Qe5 Kg6 44. Qe4+ Kh6 45. Qe5 Kg6 46. Qd6+ f6 47.
Qg3 Kf7 48. h4 gxh4 49. Qd6 Kg6 50. Kh3 Qh1+ 51. Qh2 Qc1 52. Qd6 Qh1+ 53. Kg4
Qxg2+ 54. Kxh4 Qh1+ 55. Kg4 Qd1+ 56. Kf4 Qe2 57. c8=N Qf2+ 58. Ke4 Qe2+ 59. Kxd4
Qb2+ 60. Kd5 Qg2+ 61. Ke6 Qh3+ 62. Ke7 Qxc8 63. Qxf6+ Kh5 64. Qe5+ Kg4 65. Qxb5
Qh8 66. Qd5 Kf4 67. Qe4+ Kg3 68. d4 Qg7+ 69. Kd6 Qf8+ 70. Qe7 Qb8+ 71. Ke6 Qc8+
72. Ke5 Qh8+ 73. Qf6 Qe8+ 74. Kf5 Qc8+ 75. Kg5 Qg8+ 76. Kh6 Qa8 77. Qd6+ Kf3 78.
Qf6+ Ke4 79. Qe5+ Kd3 80. d5 Kc4 81. d6 Qxa3 82. Kg7 Qh3 83. Kf7 Qd7+ 84. Kf6
Qd8+ 85. Qe7 Qh8+ 86. Kf7 Qh5+ 87. Kg7 Qg4+ 88. Kf8 Qc8+ 89. Qe8 Qc5 90. Qe6+
Kc3 91. Ke7 Kb2 92. Qe4 Ka1 93. Ke6 Qb6 94. Qc4 Qe3+ 95. Kd5 Qf3+ 96. Kc5 Qa3+
97. Kc6 Qa8+ 98. Kd7 Qh1 99. Qd4+ Ka2 100. Qd2+ Ka1 101. Qa5+ Kb2 102. Qe5+ Ka2
103. Kc7 Qc1+ 104. Kd8 Qh1 105. d7 Qh4+ 106. Ke8 Qa4 107. Qe6+ Kb1 108. Kf7 Qf4+
109. Qf6 Qc4+ 110. Kg7 Qc7 111. Qe7 Qg3+ 112. Kh8 Qc3+ 113. Qg7 Qd2 114. Qg6+
Kc1 115. Qc6+ Kd1 116. Qa4+ Ke2 117. Qg4+ Kf1 118. Qf5+ Kg1 119. Kg7 Qd4+ 120.
Kf7 Qc4+ 121. Qe6 Qf4+ 122. Qf6 Qc4+ 123. Kf8 Qb4+ 124. Kg7 Qb7 125. Qd4+ Kh1
126. Kh6 Qc6+ 127. Kg5 Qb5+ 128. Kh4 Qf5 129. d8=Q Qf2+ 130. Kg5 1-0

[Event "Julius Baer Rapid Div 1 W"]
[Site "chess.com INT"]
[Date "2023.09.03"]
[Round "4.5"]
[White "Firouzja, Alireza"]
[Black "Carlsen, Magnus"]
[Result "0-1"]
[WhiteTitle "GM"]
[BlackTitle "GM"]
[WhiteElo "2777"]
[BlackElo "2835"]
[WhiteFideId "12573981"]
[BlackFideId "1503014"]
[EventDate "2023.08.30"]
[EventType "k.o."]

1. e4 c5 2. Nf3 e6 3. b3 a6 4. g3 d5 5. exd5 exd5 6. Bg2 Nf6 7. O-O Be7 8. d4
O-O 9. Nc3 Nc6 10. Na4 cxd4 11. Nxd4 Bg4 12. Ne2 Re8 13. f3 Bd7 14. Be3 b5 15.
Nac3 Rc8 16. Bf2 Ba3 17. Rb1 Nb4 18. Re1 h5 19. Qd2 Nxc2 20. Qxc2 b4 21. Qd3
bxc3 22. Nxc3 Rxe1+ 23. Rxe1 Bb4 24. Bd4 Qa5 25. Re3 Bxc3 26. Bxc3 Qxa2 27. h3
Qxb3 28. g4 Qc4 29. Qd2 d4 30. Bxd4 Qc1+ 31. Qxc1 Rxc1+ 32. Kh2 Rc2 33. Re7 Bb5
34. Re1 Nd5 35. Be5 f6 36. Bd6 Ne3 37. Rxe3 Bf1 38. Kg3 Rxg2+ 39. Kf4 Rd2 40.
Bc5 Rd5 41. Re8+ Kh7 42. Bf8 g5+ 43. Kg3 Rd2 44. f4 h4+ 45. Kf3 Bxh3 46. Be7
Bg2+ 47. Ke3 Rd1 48. Kf2 h3 49. Bxf6 gxf4 50. Be5 Rd2+ 51. Ke1 f3 52. Re7+ Kg8
53. Kxd2 f2 54. g5 f1=Q 55. g6 Qf2+ 56. Kd3 Qf5+ 0-1